000 01637 a2200193 4500
020 _a1580531342
020 _a9781580531344
082 0 4 _a658.402
090 _c3775
_d3775
100 1 _aWilliams, James.
245 1 0 _aTeam development for high tech project managers /
_cJames Williams.
260 _a[S.l.] :
_bArtech House Publishers,
_c2002.
300 _a229 p. ;
_c23 cm.
500 _aHardcover.
520 _aThis volume goes beyond the theory of team dynamics and project management to present real world applications. The culmination of years of experience and research, the book describes practical techniques for building successful high performance project teams using actual examples from high tech companies. A concise guide for both new and experienced managers, this resource enables the reader to: select the right projects for an organization; reduce the time needed for team development and productive operation; learn motivational and retention strategies for technical project personnel; avoid project management pitfalls; and inject quality into current and future projects. The book examines the typical life cycle of team development and the general mechanics of team and project formation in today's project management setting. It scrutinizes both successes and failures in nurturing and developing a team, offering techniques and suggestions on building better teams in the future.
856 4 0 _3Amazon.com
_uhttp://www.amazon.com/exec/obidos/ASIN/1580531342/chopaconline-20
856 4 0 _3Amazon customer reviews
_uhttp://www.chopac.org/cgi-bin/tools/azrev.pl?q=1580531342
942 _aNBS
_cBK
_k658.402 WIL
999 _c346240
_d346240